000
00216nam a2200097Ia 4500
008
190216s9999||||xx |||||||||||||| ||und||
100
_a
Nambiar M C K
245
2
_a
A Text Book Of Commerce
260
_b
Null
942
_c
BK
999
_c
3979
_d
3979